Finanční sektor získává největší pozornost kybernetických zločinců

Rast počtu kybernetických útokov vo finančnom sektore. Druh škodlivého softvéru ransomware. APT útoky - cielené útoky vedené organizovanou skupinou kybernetických zločinov.

Salvato in:
Dettagli Bibliografici
Autore principale: Vaněk, Jiří
Natura: Capitolo di libro
Lingua:ceco
Soggetti:
Tags: Aggiungi Tag
Nessun Tag, puoi essere il primo ad aggiungerne!!

MARC

LEADER 00000naa a2200000 4500
001 0289287
005 20240417075220.9
041 0 |a cze 
044 |a CZ 
245 1 0 |a Finanční sektor získává největší pozornost kybernetických zločinců  |c Jiří Vaněk 
520 |a Rast počtu kybernetických útokov vo finančnom sektore. Druh škodlivého softvéru ransomware. APT útoky - cielené útoky vedené organizovanou skupinou kybernetických zločinov. 
610 2 0 |a bezpečnosť kybernetická 
610 2 0 |a útoky kybernetické 
610 2 0 |a sektor finančný 
610 2 0 |a inštitúcie finančné 
610 2 0 |a riziko 
100 1 |a Vaněk, Jiří